Condiciones para que la sociedad armonice con la naturaleza
Tallennettuna:
| Aineistotyyppi: | Teksti |
|---|---|
| Tagit: |
Lisää tagi
Ei tageja, Lisää ensimmäinen tagi!
|
MARC
| LEADER | 00000 a a2200000 04500 | ||
|---|---|---|---|
| 001 | 47007 | ||
| 003 | |||
| 040 | |||
| 245 | |a Condiciones para que la sociedad armonice con la naturaleza | ||
| 773 | |g volumen12, número89, (1980), páginas 89-96 | ||
| 999 | |c 39248 |d 39248 | ||
